<?xml version="1.0" encoding="UTF-8"?>
<collection xmlns="http://www.loc.gov/MARC21/slim">
 <record>
  <leader>01725naa a2200253 i 4500</leader>
  <controlfield tag="001">acta88174</controlfield>
  <controlfield tag="005">20250704110230.0</controlfield>
  <controlfield tag="008">250704s2024    hu      o     000   hun d</controlfield>
  <datafield tag="020" ind1=" " ind2=" ">
   <subfield code="a">978-963-688-012-5</subfield>
  </datafield>
  <datafield tag="022" ind1=" " ind2=" ">
   <subfield code="a">2677-1268</subfield>
  </datafield>
  <datafield tag="040" ind1=" " ind2=" ">
   <subfield code="a">SZTE Egyetemi Kiadványok Repozitórium</subfield>
   <subfield code="b">hun</subfield>
  </datafield>
  <datafield tag="041" ind1=" " ind2=" ">
   <subfield code="a">hun</subfield>
  </datafield>
  <datafield tag="041" ind1=" " ind2=" ">
   <subfield code="a">eng</subfield>
  </datafield>
  <datafield tag="100" ind1="1" ind2=" ">
   <subfield code="a">Sipos Mária</subfield>
  </datafield>
  <datafield tag="245" ind1="1" ind2="0">
   <subfield code="a">Képi sémák az 'ül' kvázikopulák létrejöttének hátterében</subfield>
   <subfield code="h">[elektronikus dokumentum] /</subfield>
   <subfield code="c"> Sipos Mária</subfield>
  </datafield>
  <datafield tag="260" ind1=" " ind2=" ">
   <subfield code="a">SZTE Finnugor Nyelvtudományi Tanszék - Altajisztikai Tanszék</subfield>
   <subfield code="b">Szeged</subfield>
   <subfield code="c">2024</subfield>
  </datafield>
  <datafield tag="300" ind1=" " ind2=" ">
   <subfield code="a">205-238</subfield>
  </datafield>
  <datafield tag="490" ind1="0" ind2=" ">
   <subfield code="a">Studia uralo-altaica</subfield>
   <subfield code="v">57</subfield>
  </datafield>
  <datafield tag="490" ind1="0" ind2=" ">
   <subfield code="a">Értelem és érzelem : írások Sipocz Katalin tiszteletére</subfield>
   <subfield code="v">57</subfield>
  </datafield>
  <datafield tag="520" ind1="3" ind2=" ">
   <subfield code="a">In the present paper, I investigate the meanings of the quasi-copula ’sit’ in European and non-European languages. Preliminary research suggests that languages can be grouped according to whether or not the quasi-copula verb 'sit' is used at all and, if so, what semantic constraints are imposed on its use. The methodological question is how to relate the semantics of the quasi-copula 'sit' to the material culture surrounding the speakers of the lan–guage. To this end, the methods of cognitive linguistics will be employed. First, I will try to identify the image schemas that serve as a background for the formation of the characteristic meanings, and then I will try to infer the relationship between the image schemas and the material culture.</subfield>
  </datafield>
  <datafield tag="650" ind1=" " ind2="4">
   <subfield code="a">Bölcsészettudományok</subfield>
  </datafield>
  <datafield tag="650" ind1=" " ind2="4">
   <subfield code="a">Nyelvek és irodalom</subfield>
  </datafield>
  <datafield tag="695" ind1=" " ind2=" ">
   <subfield code="a">Nyelvészet - összehasonlító, Uráli nyelvek - ige, Nyelvtörténet</subfield>
  </datafield>
  <datafield tag="856" ind1="4" ind2="0">
   <subfield code="u">http://acta.bibl.u-szeged.hu/88174/1/altaica_057_205-238.pdf</subfield>
   <subfield code="z">Dokumentum-elérés </subfield>
  </datafield>
 </record>
</collection>
